000 00360pab a2200157 454500
008 180718b2001 xxu||||| |||| 00| 0 eng d
100 _aMukherjee, Arun Prasad
245 _aTainted force
260 _c2001
300 _ap.6; 21 Jul 2001, p.6
362 _a20 Jul
650 _aPolice - India
650 _aPolice
773 _aStatesman
909 _a50503
999 _c50503
_d50503